[Event "35th POL-ch"]
[Site "Krakow POL"]
[Date "1978.??.??"]
[Round "8"]
[White "Gralka, Julian"]
[Black "Sydor, Andrzej"]
[Result "1/2-1/2"]
[WhiteElo "2330"]
[BlackElo "2395"]
[EventDate "1978.??.??"]
[PlyCount "28"]

1.Nf3 Nf6 2.c4 b6 3.g3 Bb7 4.Bg2 e6 5.O-O Be7 6.d4 O-O 7.Nc3 Ne4 8.Qc2 
Nxc3 9.Qxc3 d6 10.b3 Bf6 11.Bb2 c5 12.Qc2 Nc6 13.Rad1 Qe7 14.e4 e5 1/2-1/2

[Event "35th POL-ch"]
[Site "Krakow POL"]
[Date "1978.??.??"]
[Round "8"]
[White "Kuligowski, Adam"]
[Black "Schmidt, Wlodzimierz"]
[Result "1/2-1/2"]
[WhiteElo "2310"]
[BlackElo "2505"]
[EventDate "1978.??.??"]
[PlyCount "50"]

1.c4 g6 2.e4 e5 3.d4 Nf6 4.Nf3 Bb4+ 5.Bd2 Qe7 6.dxe5 Nxe4 7.Bxb4 Qxb4+ 8.
Nbd2 Nxd2 9.Qxd2 Qxd2+ 10.Nxd2 Nc6 11.f4 O-O 12.g3 d6 13.exd6 cxd6 14.Nb1 
d5 15.Nc3 dxc4 16.Bxc4 Re8+ 17.Kf2 Be6 18.Bxe6 Rxe6 19.Rhd1 Rae8 20.Rd7 
R8e7 21.Rad1 Kf8 22.Rxe7 Kxe7 23.Nd5+ Kf8 24.Nc7 Re7 25.Nb5 f5 1/2-1/2

[Event "35th POL-ch"]
[Site "Krakow POL"]
[Date "1978.??.??"]
[Round "8"]
[White "Lipski, Tadeusz"]
[Black "Bielczyk, Jacek"]
[Result "1/2-1/2"]
[WhiteElo "2310"]
[BlackElo "2380"]
[EventDate "1978.??.??"]
[PlyCount "110"]

1.d4 Nf6 2.Nc3 d5 3.Bg5 Nbd7 4.Nf3 h6 5.Bh4 e6 6.e4 dxe4 7.Nxe4 Be7 8.
Nxf6+ Bxf6 9.Bxf6 Qxf6 10.Qd2 O-O 11.O-O-O e5 12.Re1 exd4 13.Qxd4 c5 14.
Qe4 Nb6 15.Bd3 g6 16.Qe5 Kg7 17.c3 Be6 18.Qxc5 Bxa2 19.Be4 Rac8 20.Qa5 Bb3
21.Bxb7 Rb8 22.Ba6 Na4 23.Qe5 Nxb2 24.Kxb2 Bc4+ 25.Kc2 Bxa6 26.Qxf6+ Kxf6 
27.Ra1 Rb6 28.Rhb1 Rxb1 29.Kxb1 Bd3+ 30.Kc1 a6 31.Kd2 Bc4 32.Ke3 Rd8 33.
Nd4 Re8+ 34.Kd2 Re5 35.Ra4 Rc5 36.Nf3 Rd5+ 37.Nd4 Rc5 38.Rb4 a5 39.Rb6+ 
Kg7 40.Rb7 h5 41.Ra7 h4 42.g3 h3 43.f4 Bd5 44.Ra6 Kf8 45.Ra7 Ke8 46.Kd3 
Kd8 47.Nc2 Be6 48.Nd4 Bc4+ 49.Kc2 Bd5 50.Nb3 Rb5 51.Nd2 Be6 52.c4 Rf5 53.
Kd3 g5 54.Ke3 gxf4+ 55.gxf4 Rc5 1/2-1/2

[Event "35th POL-ch"]
[Site "Krakow POL"]
[Date "1978.??.??"]
[Round "8"]
[White "Pinkas, Karol"]
[Black "Sznapik, Aleksander"]
[Result "0-1"]
[WhiteElo "2360"]
[BlackElo "2430"]
[EventDate "1978.??.??"]
[PlyCount "82"]

1.e4 c6 2.d4 d5 3.Nc3 g6 4.Nf3 Bg4 5.Be2 Bg7 6.Be3 dxe4 7.Nxe4 Nd7 8.h3 
Bxf3 9.Bxf3 Ngf6 10.Nxf6+ Nxf6 11.O-O O-O 12.c4 e6 13.Qb3 Qd7 14.Rfd1 Rfd8
15.Qc3 Rac8 16.a4 h6 17.a5 Ne8 18.Qb3 Nd6 19.d5 exd5 20.Bg4 f5 21.Be2 Kh7 
22.cxd5 c5 23.Rac1 Qe7 24.Bf3 c4 25.Qb4 Qe5 26.Bd4 Qf4 27.Bxg7 Kxg7 28.
Qc3+ Kh7 29.g3 Qg5 30.h4 Qe7 31.h5 $2 
    ( 31.Re1 {/\ Re6} )
31...gxh5 32.Re1 Qg5 $1 33.Re5 h4 34.Rce1 Rc7 35.g4 $2 
    ( 35.Bg2 )
35...Rg7 36.Kh1 Rf8 37.Qb4 Qf4 38.R1e3 fxg4 39.Qxd6 gxf3 40.Re6 Rfg8 $1 
41.Re1 
    ( 41.Qxf4 $2 Rg1+ 42.Kh2 R8g2+ 43.Kh3 Rh1+ )
41...Qg5 0-1

[Event "35th POL-ch"]
[Site "Krakow POL"]
[Date "1978.??.??"]
[Round "8"]
[White "Pytel, Krzysztof"]
[Black "Witkowski, Stefan"]
[Result "1/2-1/2"]
[WhiteElo "2390"]
[BlackElo "2365"]
[EventDate "1978.??.??"]
[PlyCount "110"]

1.Nf3 Nf6 2.c4 c5 3.d4 cxd4 4.Nxd4 Nc6 5.Nc3 d5 6.cxd5 Nxd5 7.Nxc6 bxc6 8.
Bd2 e5 9.g3 Be6 10.Bg2 Bb4 11.O-O O-O 12.Nxd5 Bxd2 13.Qxd2 Bxd5 14.Rfd1 
Bxg2 15.Kxg2 Qxd2 16.Rxd2 Rfd8 17.Rc2 Rab8 18.b3 Rb6 19.Rac1 Rd6 20.Rc5 f6
21.Ra5 a6 22.e4 Rd4 23.Kf3 Kf7 24.Ke3 g5 25.Rac5 Rd6 26.R1c4 Ke6 27.Ra5 
Rd1 28.Rca4 Kd6 29.Rxa6 Rxa6 30.Rxa6 Rh1 31.b4 Rb1 32.a3 Rb3+ 33.Ke2 g4 
34.Kf1 h5 35.Ra7 Rb1+ 36.Kg2 Re1 37.Rh7 Rxe4 38.Rxh5 Rc4 39.Rh6 Ke6 40.h3 
gxh3+ 41.Rxh3 Kd5 42.Rh8 Rc3 43.Rd8+ Ke4 44.a4 Rb3 45.Rd6 Kf5 46.Rxc6 Rxb4
47.a5 Ra4 48.a6 Ra2 49.g4+ Kxg4 50.Rxf6 e4 51.Kf1 Kg5 52.Rc6 Kf4 53.Ke1 e3
54.fxe3+ Kxe3 55.Kd1 Kd4 1/2-1/2

[Event "35th POL-ch"]
[Site "Krakow POL"]
[Date "1978.??.??"]
[Round "8"]
[White "Swic, Waldemar"]
[Black "Dobrzynski, Wojciech"]
[Result "1/2-1/2"]
[WhiteElo "2275"]
[BlackElo "2315"]
[EventDate "1978.??.??"]
[PlyCount "56"]

1.e4 e5 2.Nf3 Nc6 3.Bb5 a6 4.Ba4 Nf6 5.O-O Be7 6.d4 exd4 7.Re1 O-O 8.e5 
Ne8 9.Bf4 f6 10.Bxc6 dxc6 11.Qxd4 Qxd4 12.Nxd4 fxe5 13.Bxe5 Bd6 14.Nc3 Bd7
15.Rad1 Rf7 16.h3 h6 17.f4 Bb4 18.Rd3 c5 19.Nde2 Bf5 20.Rd2 c4 21.Ng3 Bd7 
22.a3 Ba5 23.Kh2 Bc6 24.Nge4 Nf6 25.Nc5 Nd5 26.Kg3 Re8 27.Ree2 Nxc3 28.
bxc3 Kh7 1/2-1/2

[Event "35th POL-ch"]
[Site "Krakow POL"]
[Date "1978.??.??"]
[Round "9"]
[White "Bielczyk, Jacek"]
[Black "Pinkas, Karol"]
[Result "1/2-1/2"]
[WhiteElo "2380"]
[BlackElo "2360"]
[EventDate "1978.??.??"]
[PlyCount "31"]

1.e4 e6 2.d4 d5 3.Nd2 Nf6 4.e5 Nfd7 5.f4 c5 6.c3 Nc6 7.Ndf3 Be7 8.g3 Qa5 
9.Kf2 b5 10.Bd3 b4 11.Ne2 bxc3 12.bxc3 Ba6 13.f5 Bxd3 14.Qxd3 cxd4 15.cxd4
Nb4 16.Qb1 1/2-1/2

[Event "35th POL-ch"]
[Site "Krakow POL"]
[Date "1978.??.??"]
[Round "9"]
[White "Dobrzynski, Wojciech"]
[Black "Adamski, Jan"]
[Result "1/2-1/2"]
[WhiteElo "2315"]
[BlackElo "2470"]
[EventDate "1978.??.??"]
[PlyCount "30"]

1.Nf3 Nf6 2.g3 g6 3.b3 Bg7 4.Bb2 d6 5.d4 c5 6.Bg2 cxd4 7.Nxd4 d5 8.O-O O-O
9.c4 dxc4 10.bxc4 Nfd7 11.Qc2 a6 12.Nb3 Qc7 13.Bxg7 Kxg7 14.Rc1 Nf6 15.
N1d2 Nc6 1/2-1/2

[Event "35th POL-ch"]
[Site "Krakow POL"]
[Date "1978.??.??"]
[Round "9"]
[White "Kruszynski, Wlodzimierz"]
[Black "Doda, Zbigniew"]
[Result "0-1"]
[WhiteElo "2265"]
[BlackElo "2405"]
[EventDate "1978.??.??"]
[PlyCount "98"]

1.e4 Nf6 2.e5 Nd5 3.d4 d6 4.Nf3 Nb6 5.a4 a5 6.Nc3 Bg4 7.h3 Bxf3 8.Qxf3 d5 
9.e6 fxe6 10.Qh5+ Kd7 11.Bf4 Na6 12.Be2 c6 13.O-O Nc7 14.Rfe1 Nc8 15.Bg4 
Nd6 16.Qe5 Kc8 17.Bxe6+ Nxe6 18.Qxe6+ Kc7 19.Rab1 Qd7 20.Qe2 g5 21.Bg3 h5 
22.b4 g4 23.h4 axb4 24.Rxb4 Kc8 25.Reb1 Bg7 26.Bxd6 Qxd6 27.Rxb7 Bxd4 28.
Qd3 Qe5 29.Ne2 Ba7 30.g3 Rf8 31.Nf4 Rxf4 $1 32.gxf4 Qxf4 33.Qe2 e5 34.Kg2 
e4 35.c3 
    ( 35.Rh7 $5 )
35...Bc5 $1 36.a5 Bd6 37.Qe3 Qh2+ 38.Kf1 Rxa5 39.R7b2 Qh1+ 40.Ke2 Qf3+ 41.
Qxf3 gxf3+ 42.Ke3 Ra3 43.Rc2 Be5 44.Rg1 Kc7 45.Rg5 Kd6 46.Rxh5 Ra1 47.Rh6+
Kc5 48.Re6 Bh2 $1 49.h5 Rd1 0-1

[Event "35th POL-ch"]
[Site "Krakow POL"]
[Date "1978.??.??"]
[Round "9"]
[White "Pokojowczyk, Jerzy"]
[Black "Kuligowski, Adam"]
[Result "0-1"]
[WhiteElo "2385"]
[BlackElo "2310"]
[EventDate "1978.??.??"]
[PlyCount "68"]

1.e4 c6 2.d4 d5 3.exd5 cxd5 4.c4 Nf6 5.Nc3 e6 6.Nf3 Bb4 7.Bd3 dxc4 8.Bxc4 
O-O 9.O-O b6 10.Qe2 Bb7 11.Bg5 Bxc3 12.bxc3 Nbd7 13.Rac1 Qc7 14.Bd3 Ng4 
15.Be4 Bxe4 16.Qxe4 Ngf6 17.Qe2 Rac8 18.c4 Qb7 19.Rfe1 h6 20.Bf4 Rc6 21.
Ne5 Nxe5 22.dxe5 Nh7 23.Rc3 Rfc8 24.Rg3 Kh8 25.Qg4 g5 26.h4 h5 27.Qxh5 
gxf4 28.Rg4 Rxc4 29.Rd1 Qe7 30.Rd3 Rg8 31.Rxg8+ Kxg8 32.Qd1 Qxh4 33.Rh3 
Qg5 34.Rxh7 f3 0-1

[Event "35th POL-ch"]
[Site "Krakow POL"]
[Date "1978.??.??"]
[Round "9"]
[White "Schmidt, Wlodzimierz"]
[Black "Adamski, Andrzej"]
[Result "1/2-1/2"]
[WhiteElo "2505"]
[BlackElo "2365"]
[EventDate "1978.??.??"]
[PlyCount "58"]

1.d4 d6 2.c4 g6 3.Nc3 Bg7 4.Nf3 Nd7 5.e4 e5 6.Be2 Ngf6 7.O-O O-O 8.Re1 Re8
9.Bf1 exd4 10.Nxd4 Nc5 11.f3 a5 12.Be3 Nfd7 13.Qd2 Ne5 14.Rab1 Bd7 15.b3 
Nc6 16.Ndb5 Be6 17.Nd5 Na6 18.a3 Ne5 19.Nd4 Nc5 20.b4 axb4 21.axb4 Na4 22.
Nxe6 fxe6 23.Bg5 Qb8 24.Nf6+ Bxf6 25.Bxf6 Rf8 26.Bxe5 dxe5 27.Red1 c5 28.
Ra1 Qc7 29.b5 Rad8 1/2-1/2

[Event "35th POL-ch"]
[Site "Krakow POL"]
[Date "1978.??.??"]
[Round "9"]
[White "Skrobek, Ryszard"]
[Black "Pytel, Krzysztof"]
[Result "0-1"]
[WhiteElo "2460"]
[BlackElo "2390"]
[EventDate "1978.??.??"]
[PlyCount "64"]

1.e4 e6 2.d4 d5 3.Nd2 a6 4.Ngf3 c5 5.e5 Nc6 6.Bd3 Bd7 7.dxc5 Bxc5 8.a3 a5 
9.O-O Nge7 10.c4 Ng6 11.Nb3 Bb6 12.Re1 a4 13.Bg5 Qb8 14.cxd5 exd5 15.Bxg6 
hxg6 16.Nbd4 O-O 17.e6 fxe6 18.Nxe6 Rf5 19.g4 $2 Bxf2+ $1 20.Kg2 
    ( 20.Kxf2 Qxh2+ 21.Kf1 
        ( 21.Ke3 Rxf3+ $1 22.Kxf3 
            ( 22.Qxf3 Bxe6 )
        22...Ne5+ 23.Rxe5 Qxe5 $40 )
    21...Qh3+ 22.Kf2 Qxg4 )
20...Rxf3 $1 21.Qxf3 Bxe1 22.Rxe1 Bxe6 23.Rxe6 Nd4 24.Qxd5 Nxe6 25.Qxe6+ 
Kh7 26.h4 Ra5 27.Bd2 Re5 28.Qc4 Qe8 29.Kf3 b5 30.Qd3 Qc6+ 31.Kf2 Rd5 32.
Qc3 Qd7 0-1

[Event "35th POL-ch"]
[Site "Krakow POL"]
[Date "1978.??.??"]
[Round "9"]
[White "Sznapik, Aleksander"]
[Black "Gralka, Julian"]
[Result "1/2-1/2"]
[WhiteElo "2430"]
[BlackElo "2330"]
[EventDate "1978.??.??"]
[PlyCount "82"]

1.e4 Nf6 2.e5 Nd5 3.d4 d6 4.Nf3 Bg4 5.Be2 e6 6.O-O Be7 7.h3 Bh5 8.c4 Nb6 
9.Be3 O-O 10.Nc3 d5 11.cxd5 Nxd5 12.Qb3 Nxe3 13.fxe3 Qc8 14.d5 Bc5 15.Ne4 
Bb6 16.Bc4 exd5 17.Bxd5 Nc6 18.e6 Na5 19.exf7+ Bxf7 20.Qd3 Qd8 21.Nfg5 
Bxe3+ 22.Kh1 Bxg5 23.Rxf7 Rxf7 24.Rf1 Nc6 25.Rxf7 Kh8 26.Nxg5 Qxg5 27.Qf3 
Qc1+ 28.Kh2 Qc5 29.Qg3 Rg8 30.Bb3 Ne5 31.Rf5 Re8 32.Rf1 Qd6 33.Kh1 Ng6 34.
Qxd6 cxd6 35.Rc1 Nf4 36.Rc7 g5 37.Rxb7 Re1+ 38.Kh2 Re2 39.Kg3 Rxg2+ 40.Kf3
Rxb2 41.h4 Ne6 1/2-1/2

[Event "35th POL-ch"]
[Site "Krakow POL"]
[Date "1978.??.??"]
[Round "9"]
[White "Witkowski, Stefan"]
[Black "Lipski, Tadeusz"]
[Result "1/2-1/2"]
[WhiteElo "2365"]
[BlackElo "2310"]
[EventDate "1978.??.??"]
[PlyCount "99"]

1.Nf3 c5 2.c4 Nc6 3.d4 cxd4 4.Nxd4 Nf6 5.Nc3 e5 6.Ndb5 Bc5 7.Nd6+ Ke7 8.
Nf5+ Kf8 9.Ne3 d6 10.g3 Be6 11.Ned5 Ng4 12.e3 f5 13.Be2 Nf6 14.a3 Kf7 15.
b4 Bb6 16.Bb2 Rc8 17.O-O Ne7 18.Nxb6 Qxb6 19.Nb5 Rhd8 20.a4 Rxc4 21.Bxc4 
Bxc4 22.Re1 a6 23.Na3 Bd5 24.b5 g5 25.Rc1 axb5 26.Nxb5 h5 27.f3 f4 28.Kf1 
Be6 29.gxf4 gxf4 30.Rc7 Nd5 31.Qc2 Nxc7 32.Nxc7 Bh3+ 33.Kf2 Bf5 34.Qc4+ d5
35.Qc3 fxe3+ 36.Rxe3 Nc6 37.Nb5 d4 38.Qb3+ Be6 39.Nd6+ Rxd6 40.Qxb6 dxe3+ 
41.Kxe3 Ne7 42.Qxb7 Rb6 43.Qe4 Rb3+ 44.Bc3 Rxc3+ 45.Kd2 Bf5 46.Qxe5 Rxf3 
47.a5 Rd3+ 48.Kc1 Rd5 49.Qc7 Rd7 50.Qb6 1/2-1/2

[Event "35th POL-ch"]
[Site "Krakow POL"]
[Date "1978.??.??"]
[Round "10"]
[White "Adamski, Andrzej"]
[Black "Pytel, Krzysztof"]
[Result "1/2-1/2"]
[WhiteElo "2365"]
[BlackElo "2390"]
[EventDate "1978.??.??"]
[PlyCount "28"]

1.e4 c5 2.c3 e6 3.d4 d5 4.exd5 exd5 5.Nf3 Nc6 6.Be3 c4 7.b3 cxb3 8.axb3 
Bd6 9.Bg5 Nge7 10.Bh4 O-O 11.Bd3 h6 12.Bg3 Bg4 13.O-O Rc8 14.Nbd2 Re8 
1/2-1/2

[Event "35th POL-ch"]
[Site "Krakow POL"]
[Date "1978.??.??"]
[Round "10"]
[White "Adamski, Jan"]
[Black "Sydor, Andrzej"]
[Result "1/2-1/2"]
[WhiteElo "2470"]
[BlackElo "2395"]
[EventDate "1978.??.??"]
[PlyCount "50"]

1.Nf3 d5 2.c4 c6 3.e3 e6 4.d4 Bd6 5.Nc3 f5 6.Bd3 Nf6 7.O-O O-O 8.Ne5 Nbd7 
9.f4 Ne4 10.Nxe4 fxe4 11.Be2 Nxe5 12.fxe5 Rxf1+ 13.Qxf1 Be7 14.Bd2 Bd7 15.
Bh5 g6 16.Bg4 Qf8 17.Qd1 Qh6 18.Qb3 b5 19.cxd5 cxd5 20.Rc1 Qf8 21.Rc7 Qd8 
22.Ba5 a6 23.a3 Rc8 24.Qc3 Rxc7 25.Bxc7 Qc8 1/2-1/2

[Event "35th POL-ch"]
[Site "Krakow POL"]
[Date "1978.??.??"]
[Round "10"]
[White "Doda, Zbigniew"]
[Black "Dobrzynski, Wojciech"]
[Result "1-0"]
[WhiteElo "2405"]
[BlackElo "2315"]
[EventDate "1978.??.??"]
[PlyCount "107"]

1.Nf3 g6 2.c4 Bg7 3.g3 Nf6 4.Bg2 O-O 5.O-O d6 6.Nc3 e5 7.d3 c5 8.a3 Nc6 9.
Rb1 a5 10.Ne1 Be6 11.Nd5 Bxd5 12.cxd5 Ne7 13.e4 b5 14.b4 cxb4 15.axb4 a4 
16.Nc2 Qd7 17.Na3 Ne8 18.Be3 Rb8 19.d4 f5 20.dxe5 Bxe5 21.Bh3 Qb7 22.f3 
Ng7 23.Rf2 Kh8 24.Bf1 fxe4 25.fxe4 Rxf2 26.Bxf2 Qd7 27.Qd3 Ng8 28.Nxb5 Nf6
29.Nd4 Ng4 30.Nc6 Rf8 31.Bd4 Bxd4+ 32.Qxd4 a3 33.Re1 Qf7 34.Bh3 Nf2 35.Bg2
h5 36.Re3 Ng4 37.Rxa3 Ne5 38.Ra1 Qf6 39.Rf1 Qxf1+ 40.Bxf1 Nf3+ 41.Kg2 Nxd4
42.Nxd4 Rb8 43.Nc6 Rb6 44.Kf3 Ne8 45.e5 Kg7 46.Ke4 Kf8 47.Kd4 dxe5+ 48.Kc5
Rb7 49.Ba6 Rf7 50.b5 e4 51.b6 e3 52.Ne5 Re7 53.b7 e2 54.Nf3 1-0

[Event "35th POL-ch"]
[Site "Krakow POL"]
[Date "1978.??.??"]
[Round "10"]
[White "Gralka, Julian"]
[Black "Bielczyk, Jacek"]
[Result "1/2-1/2"]
[WhiteElo "2330"]
[BlackElo "2380"]
[EventDate "1978.??.??"]
[PlyCount "48"]

1.d4 Nf6 2.c4 d6 3.Nc3 Nbd7 4.e4 e5 5.Nf3 g6 6.Be2 Bg7 7.O-O O-O 8.Be3 Ng4
9.Bg5 f6 10.Bd2 c6 11.h3 Nh6 12.Qc2 Nf7 13.Rad1 Re8 14.Bc1 Ng5 15.dxe5 
Nxf3+ 16.Bxf3 dxe5 17.b4 Qc7 18.Be3 Nf8 19.Be2 Ne6 20.c5 Bf8 21.Bc4 Kh8 
22.Rd2 Bd7 23.Rfd1 Rad8 24.Qa4 b5 1/2-1/2

[Event "35th POL-ch"]
[Site "Krakow POL"]
[Date "1978.??.??"]
[Round "10"]
[White "Kuligowski, Adam"]
[Black "Kruszynski, Wlodzimierz"]
[Result "1/2-1/2"]
[WhiteElo "2310"]
[BlackElo "2265"]
[EventDate "1978.??.??"]
[PlyCount "81"]

1.d4 Nf6 2.c4 e6 3.Nf3 b6 4.g3 Bb7 5.Bg2 Be7 6.O-O O-O 7.Nc3 Ne4 8.Qc2 
Nxc3 9.Qxc3 c5 10.Rd1 d6 11.b3 Bf6 12.Bb2 Qe7 13.Qc2 Nc6 14.d5 Nb4 15.Bxf6
Qxf6 16.Qd2 e5 17.a3 Na6 18.Ne1 Qg6 19.e4 Bc8 20.Nd3 f5 21.Qe3 fxe4 22.
Bxe4 Bf5 23.Bxf5 Rxf5 24.f4 Raf8 25.Rf1 Qf6 26.Ra2 exf4 27.Rxf4 Rxf4 28.
Nxf4 Nc7 29.Rf2 h6 30.Nd3 Qa1+ 31.Kg2 Rxf2+ 32.Nxf2 Kf7 33.Qf4+ Qf6 34.Qg4
Ne8 35.Nd3 Qe7 36.Qh5+ Kg8 37.Qf5 Qe2+ 38.Kh3 Nf6 39.Qc8+ Kh7 40.Qf5+ Kg8 
41.Qc8+ 1/2-1/2

[Event "35th POL-ch"]
[Site "Krakow POL"]
[Date "1978.??.??"]
[Round "10"]
[White "Lipski, Tadeusz"]
[Black "Skrobek, Ryszard"]
[Result "1-0"]
[WhiteElo "2310"]
[BlackElo "2460"]
[EventDate "1978.??.??"]
[PlyCount "51"]

1.d4 c5 2.d5 Nf6 3.Nc3 Qa5 4.Bd2 b5 5.e4 b4 6.e5 bxc3 7.Bxc3 Qa4 8.exf6 
Qe4+ 9.Ne2 gxf6 10.Qd2 h5 11.f3 Qg6 12.O-O-O Bh6 13.f4 d6 14.g3 Qe4 15.Rg1
Qa4 16.Kb1 Bf5 17.Nc1 c4 18.Ne2 Na6 19.Nd4 Be4 20.Re1 Bxd5 21.Nf5 Be6 22.
Nxh6 Nb4 23.a3 Nd5 24.f5 Nxc3+ 25.Qxc3 Bd7 26.Bg2 1-0

[Event "35th POL-ch"]
[Site "Krakow POL"]
[Date "1978.??.??"]
[Round "10"]
[White "Pinkas, Karol"]
[Black "Witkowski, Stefan"]
[Result "0-1"]
[WhiteElo "2360"]
[BlackElo "2365"]
[EventDate "1978.??.??"]
[PlyCount "138"]

1.e4 c5 2.Nf3 Nc6 3.d4 cxd4 4.Nxd4 Nf6 5.Nc3 e6 6.Nxc6 bxc6 7.e5 Nd5 8.Ne4
f5 9.exf6 Nxf6 10.Nd6+ Bxd6 11.Qxd6 Ba6 12.c4 Qb6 13.Bd3 Bxc4 14.Be3 Qa5+ 
15.Bd2 Qd5 16.Qxd5 Bxd5 17.f3 O-O 18.Bc3 d6 19.Kd2 e5 20.Rhe1 Rae8 21.a3 
Rf7 22.b4 Nh5 23.Re3 Nf4 24.Bf1 Be6 25.Bb2 Rfe7 26.Rae1 Nd5 27.Re4 Bf5 28.
Rc4 Bd7 29.Rce4 Nf6 30.R4e3 Kf8 31.g3 Nd5 32.Re4 Rf7 33.Be2 Nb6 34.Re3 Be6
35.Rc1 Nd5 36.Rd3 Bf5 37.Rb3 Rc7 38.Bd3 Be6 39.Be4 Rec8 40.Rd3 a6 41.Bxh7 
g5 42.Be4 Ke7 43.Ke1 Nf6 44.Rd2 Nxe4 45.fxe4 g4 46.Rcd1 Bb3 47.Rc1 Rf8 48.
Rf2 Rxf2 49.Kxf2 Rc8 50.Kg2 Be6 51.Rc2 Bd7 52.Bc1 Rf8 53.Rc3 Rg8 54.Rc2 
Rg7 55.Be3 Rg6 56.Rc3 Rg8 57.Rc2 Ke8 58.Rd2 Rg6 59.Rf2 Be6 60.a4 Kd7 61.
Rd2 Ke7 62.Rc2 Kd7 63.Bb6 Bb3 64.Rf2 Bxa4 65.h3 Bb5 66.Rd2 gxh3+ 67.Kxh3 
Ke6 68.Kh4 Rf6 69.Rd1 Rf1 0-1

[Event "35th POL-ch"]
[Site "Krakow POL"]
[Date "1978.??.??"]
[Round "10"]
[White "Schmidt, Wlodzimierz"]
[Black "Pokojowczyk, Jerzy"]
[Result "1/2-1/2"]
[WhiteElo "2505"]
[BlackElo "2385"]
[EventDate "1978.??.??"]
[PlyCount "57"]

1.d4 Nf6 2.c4 g6 3.Nc3 Bg7 4.e4 d6 5.Be2 O-O 6.Nf3 e5 7.Be3 Ng4 8.Bg5 f6 
9.Bc1 Nc6 10.O-O Nh6 11.dxe5 dxe5 12.Be3 Qxd1 13.Rfxd1 Be6 14.Nd5 Rf7 15.
h3 Bf8 16.g4 g5 17.Rac1 Kg7 18.c5 Nd8 19.Nh2 c6 20.Nc3 Ng8 21.Nf1 Rd7 22.
Ng3 Rxd1+ 23.Rxd1 Kf7 24.Nf5 Ke8 25.b3 Nf7 26.Na4 Rd8 27.Rxd8+ Kxd8 28.Nb2
Be7 29.Bc4 1/2-1/2

[Event "35th POL-ch"]
[Site "Krakow POL"]
[Date "1978.??.??"]
[Round "10"]
[White "Swic, Waldemar"]
[Black "Sznapik, Aleksander"]
[Result "0-1"]
[WhiteElo "2275"]
[BlackElo "2430"]
[EventDate "1978.??.??"]
[PlyCount "52"]

1.e4 g6 2.d4 Bg7 3.Nc3 a6 4.Nf3 b5 5.Bd3 Bb7 6.O-O d6 7.e5 $6 
    ( 7.Qe2 )
7...Nd7 8.e6 fxe6 9.Ng5 Nf8 $1 10.Be4 Bxe4 11.Ncxe4 h6 12.Nf3 Nf6 13.Re1 
Nxe4 14.Rxe4 Qd7 15.Qe2 Bf6 16.h4 Rc8 17.Be3 $2 
    ( 17.a4 $1 )
17...Qc6 18.Bf4 Qd5 19.b3 g5 20.Bg3 c5 21.c4 bxc4 22.bxc4 Qf5 23.Qc2 cxd4 
24.Nxd4 Rxc4 $1 25.Qxc4 Qxe4 26.Rd1 gxh4 0-1

[Event "35th POL-ch"]
[Site "Krakow POL"]
[Date "1978.??.??"]
[Round "11"]
[White "Bielczyk, Jacek"]
[Black "Swic, Waldemar"]
[Result "1/2-1/2"]
[WhiteElo "2380"]
[BlackElo "2275"]
[EventDate "1978.??.??"]
[PlyCount "36"]

1.e4 e5 2.Nf3 Nc6 3.Bb5 a6 4.Ba4 Nf6 5.O-O Be7 6.Re1 b5 7.Bb3 d6 8.c3 O-O 
9.d4 Bg4 10.d5 Na5 11.Bc2 c6 12.h3 Bd7 13.Nxe5 dxe5 14.d6 Be6 15.dxe7 Qxe7
16.Nd2 Rfd8 17.Qf3 h6 18.Nf1 c5 1/2-1/2

[Event "35th POL-ch"]
[Site "Krakow POL"]
[Date "1978.??.??"]
[Round "11"]
[White "Dobrzynski, Wojciech"]
[Black "Kuligowski, Adam"]
[Result "0-1"]
[WhiteElo "2315"]
[BlackElo "2310"]
[EventDate "1978.??.??"]
[PlyCount "64"]

1.Nf3 g6 2.g3 Bg7 3.Bg2 e5 4.d3 d5 5.O-O Ne7 6.e4 Nbc6 7.Nbd2 O-O 8.c3 a5 
9.a4 h6 10.Re1 Be6 11.Nf1 Qd7 12.Qe2 Rad8 13.Be3 b6 14.Qc2 f5 15.Bc1 dxe4 
16.dxe4 f4 17.N1d2 g5 18.b3 g4 19.Nh4 Bf6 20.Nf5 Nxf5 21.exf5 Bxf5 22.Ne4 
Bg7 23.Ba3 Rfe8 24.Bf1 Kh8 25.Bb5 Qe6 26.Qe2 Qg6 27.Qc4 Re6 28.Rad1 Rxd1 
29.Rxd1 Bxe4 30.Rd7 fxg3 31.fxg3 Qf5 32.Rf7 Qxf7 0-1

[Event "35th POL-ch"]
[Site "Krakow POL"]
[Date "1978.??.??"]
[Round "11"]
[White "Kruszynski, Wlodzimierz"]
[Black "Schmidt, Wlodzimierz"]
[Result "1/2-1/2"]
[WhiteElo "2265"]
[BlackElo "2505"]
[EventDate "1978.??.??"]
[PlyCount "78"]

1.e4 c5 2.Nf3 d6 3.d4 Nf6 4.Nc3 cxd4 5.Nxd4 a6 6.Be2 e6 7.O-O Be7 8.Be3 
O-O 9.f4 Nc6 10.Qe1 Bd7 11.Qg3 Nxd4 12.Bxd4 Bc6 13.Rae1 b5 14.a3 Qd7 15.
Bd3 a5 16.e5 dxe5 17.Bxe5 g6 18.f5 Nh5 19.Qh3 exf5 20.Bxf5 Qb7 21.Be4 Rae8
22.Qf3 Bxe4 23.Nxe4 Qb6+ 24.Kh1 Bh4 25.Bd6 Bxe1 26.Bxf8 f5 27.Bh6 Bh4 28.
Nc3 b4 29.axb4 Qxb4 30.Qd5+ Kh8 31.Qf7 Rd8 32.g3 Bf6 33.Re1 Qb8 34.Nd5 Be5
35.c4 a4 36.c5 a3 37.bxa3 Qb3 38.Rxe5 Qb1+ 39.Kg2 Qb2+ $138 
    {[40.Kh3 Q:e5 41.Bd2!+-]}
1/2-1/2

[Event "35th POL-ch"]
[Site "Krakow POL"]
[Date "1978.??.??"]
[Round "11"]
[White "Pokojowczyk, Jerzy"]
[Black "Adamski, Andrzej"]
[Result "0-1"]
[WhiteElo "2385"]
[BlackElo "2365"]
[EventDate "1978.??.??"]
[PlyCount "140"]

1.e4 e5 2.Nf3 Nc6 3.Bb5 d6 4.O-O Bd7 5.d4 exd4 6.Bxc6 Bxc6 7.Nxd4 Bd7 8.
Re1 Nf6 9.Bf4 Be7 10.c4 O-O 11.Nc3 Ng4 12.h3 Ne5 13.Qe2 Re8 14.Rad1 Bf8 
15.Nf3 c6 16.Rd2 Qe7 17.Red1 Be6 18.Nxe5 dxe5 19.Bxe5 Bxc4 20.Qxc4 Qxe5 
21.Rd7 Re7 22.a4 Rae8 23.b4 a6 24.b5 axb5 25.axb5 cxb5 26.Nxb5 Qxe4 27.
Qxe4 Rxe4 28.Rxb7 Re1+ 29.Rxe1 Rxe1+ 30.Kh2 Rb1 31.g3 Rb4 32.h4 h5 33.Kh3 
g6 34.f3 Kg7 35.g4 Bc5 36.Kg3 Be3 37.Kh3 Bf4 38.Kg2 Be5 39.gxh5 gxh5 40.
Kf2 Bf4 41.Kg2 Be5 42.Rb6 Bd4 43.Rb7 Bc5 44.Rb8 Kf6 45.Rb7 Kg6 46.Kh3 Kf6 
47.Rb8 Bd6 48.Rd8 Be5 49.Na7 Rb2 50.Rg8 Kf5 51.Rg2 Rb3 52.Rf2 Bd4 53.Ra2 
Rxf3+ 54.Kg2 Rf4 55.Nc6 Rg4+ 56.Kh3 Be5 57.Rg2 Bc3 58.Rg3 Rc4 59.Ne7+ Ke4 
60.Kg2 Be5 61.Rb3 f5 62.Ng6 Rc2+ 63.Kf1 Bd4 64.Nf8 f4 65.Ne6 Be3 66.Rb4+ 
Ke5 67.Ng5 Kf5 68.Rb5+ Kg4 69.Ne4 f3 70.Nf6+ Kh3 0-1

[Event "35th POL-ch"]
[Site "Krakow POL"]
[Date "1978.??.??"]
[Round "11"]
[White "Pytel, Krzysztof"]
[Black "Lipski, Tadeusz"]
[Result "1/2-1/2"]
[WhiteElo "2390"]
[BlackElo "2310"]
[EventDate "1978.??.??"]
[PlyCount "72"]

1.d4 d5 2.c4 Nc6 3.Nc3 Nf6 4.Bf4 Bf5 5.e3 e6 6.Nf3 Be7 7.h3 O-O 8.Rc1 Bg6 
9.a3 a6 10.cxd5 Nxd5 11.Nxd5 exd5 12.Be2 Bd6 13.Bxd6 Qxd6 14.O-O Rae8 15.
Qb3 Nd8 16.Qb4 Qxb4 17.axb4 c6 18.Ne5 Re7 19.Bg4 f6 20.Nd7 Rfe8 21.Nc5 h5 
22.Be2 h4 23.Rfd1 Nf7 24.Bd3 Bxd3 25.Rxd3 Nd6 26.Re1 g5 27.Rc3 Kg7 28.Kf1 
Kg6 29.Rcc1 Nc4 30.b3 Nd2+ 31.Ke2 Ne4 32.Nxe4 Rxe4 33.Kd2 f5 34.f3 R4e7 
35.Kd3 Kf6 36.Re2 Re6 1/2-1/2

[Event "35th POL-ch"]
[Site "Krakow POL"]
[Date "1978.??.??"]
[Round "11"]
[White "Skrobek, Ryszard"]
[Black "Pinkas, Karol"]
[Result "0-1"]
[WhiteElo "2460"]
[BlackElo "2360"]
[EventDate "1978.??.??"]
[PlyCount "94"]

1.e4 e6 2.d4 d5 3.Nd2 Nf6 4.e5 Nfd7 5.f4 c5 6.c3 Nc6 7.Ndf3 cxd4 8.Nxd4 
Nc5 9.Ngf3 Bd7 10.Be3 Be7 11.Be2 O-O 12.O-O Ne4 13.Bd3 f5 14.Kh1 Qe8 15.
Nd2 Qg6 16.Nxe4 fxe4 17.Be2 Qe8 18.Bh5 g6 19.Bg4 Bc5 20.h4 Bxd4 21.Bxd4 
Qe7 22.g3 Rfc8 23.Bg1 Na5 24.Be2 b6 25.a4 Nc6 26.Ba6 Rc7 27.b4 Nb8 28.Be2 
Rxc3 29.Bf2 Be8 30.Qd2 Rc8 31.a5 Nd7 32.h5 bxa5 33.Rxa5 Nb6 34.Bc5 Qf7 35.
hxg6 hxg6 36.g4 Bc6 37.Qd4 Nc4 38.Ra2 a5 39.Bxc4 dxc4 40.bxa5 Bd5 41.Qe3 
c3 42.Rh2 c2 43.f5 Rxc5 44.Qh3 Qg7 45.f6 e3+ 46.Kg1 e2 47.Rxe2 Qh8 $138 
0-1

[Event "35th POL-ch"]
[Site "Krakow POL"]
[Date "1978.??.??"]
[Round "11"]
[White "Sydor, Andrzej"]
[Black "Doda, Zbigniew"]
[Result "1/2-1/2"]
[WhiteElo "2395"]
[BlackElo "2405"]
[EventDate "1978.??.??"]
[PlyCount "23"]

1.e4 c5 2.Nf3 e6 3.Nc3 Nc6 4.Bb5 Nge7 5.O-O a6 6.Bxc6 Nxc6 7.d4 cxd4 8.
Nxd4 d6 9.Be3 Be7 10.Qe2 O-O 11.Rad1 Qc7 12.Rfe1 1/2-1/2

[Event "35th POL-ch"]
[Site "Krakow POL"]
[Date "1978.??.??"]
[Round "11"]
[White "Sznapik, Aleksander"]
[Black "Adamski, Jan"]
[Result "1/2-1/2"]
[WhiteElo "2430"]
[BlackElo "2470"]
[EventDate "1978.??.??"]
[PlyCount "30"]

1.Nf3 e6 2.c4 b6 3.g3 Bb7 4.Bg2 Nf6 5.O-O Be7 6.d4 O-O 7.Nc3 Ne4 8.Nxe4 
Bxe4 9.Ne1 Bxg2 10.Nxg2 d5 11.Qa4 Qd7 12.Qxd7 Nxd7 13.cxd5 exd5 14.Rd1 
Rfd8 15.Nf4 Nf6 1/2-1/2